| 000 | 01183cam a22001694a 4500 | ||
|---|---|---|---|
| 005 | 20250605163654.0 | ||
| 008 | 250528s ||||||||||||||||||||||||d | ||
| 035 | _a24018 | ||
| 040 |
_aGR-AtMCL _bgre _dGR-AtMCL _eAACR2 |
||
| 245 | 1 | _aSupply Chain and Logistics / Το Περιοδικό για την Εφοδιαστική Αλυσίδα | |
| 260 |
_bParametros Group _bScl Magazine, _c2021 |
||
| 300 | _a112 | ||
| 520 | _a8η Έκθεση 'Εφοδιαστική Αλυσίδα και Logistics - Cargo Truck and Van Expo': Η Έκθεση που Επανεκκίνησε την Αγορά, Σε Αναμόρφωση της Νομοθεσίας για την Εφοδιαστική Αλυσίδα Στοχεύει η ΓΓ Βιομηχανίας, Ανάγκη να Στρέψει η Πολιτεία το Βλέμμα στους Επαγγελματίες Επίδοξους Χρήστες Ηλεκτοκίνησης, Τι Είναι τα 'Πράσινα' Κτήρια Τελικα: Απαντούν SGS-Sintali - IBLS - Eu Bauhaus, Αλλάζει Πρόσωπο ο Ελληνικός Σιδηρόδρομος. | ||
| 942 | _cCR | ||
| 999 |
_c8921 _d8921 |
||